000 00979nac a22002777a 4500
001 BR7600940
003 BR-BrBNA
005 20240105113919.0
008 230509b bl.|||m| |||| 00| 0 por d
040 _aBR-BrBNA
_bpor
_cBiblioteca Nacional de Agricultura
072 _aM00; B50
090 _aM00 BR7600940
100 1 _aYesaki, M.
100 1 _aBager, K.J.
110 1 _aPrograma de Pesquisa e Desenvolvimento Pesqueiro do Brasil, Rio de Janeiro, RJ
_97973
245 1 _aHistorico da evolucao da pesca industrial em Rio Grande [Rio Grande do Sul; Brasil]
260 3 _aRio de Janeiro, RJ (Brasil):
_c1975.
300 _a41 p.
490 _aDocumentos Tecnicos - Programa de Pesquisa e Desenvolvimento Pesqueiro do Brasil (Brazil)
_vno. 11
_x
500 _a10 illus.; 14 tables; Summaries (En, Pt)
650 _aPESCA INDUSTRIAL
650 _aHISTORIA
650 _aRIO GRANDE DO SUL
909 _a202312
_bLúcia Elande
_c55
_dLúcia Elande
942 _2AGRIS
_n0
_cMS
999 _c266312
_d266312